[Event "EYTCC U18 Open 2019"]
[Site "Pardubice"]
[Date "2019.07.14"]
[Round "4.36"]
[White "Stoyanov, Viktor"]
[Black "Krastev, Alexander"]
[Result "1/2-1/2"]
[WhiteElo "2198"]
[BlackElo "2325"]
[Annotator "NA"]
[PlyCount "96"]
[EventDate "2019.07.11"]
[EventType "swiss"]
[EventCountry "CZE"]
[SourceTitle "playchess.com"]
[Source "ChessBase"]
[SourceQuality "1"]
[WhiteTeam "England"]
[BlackTeam "Germany"]
[WhiteTeamCountry "ENG"]
[BlackTeamCountry "GER"]
[TimeControl "40/5400+30:1800+30"]

1. c4 {[%emt 0:00:00]} c5 {[%emt 0:00:20]} 2. Nf3 {[%emt 0:00:00]} Nf6 {[%emt 0:00:14]} 3. Nc3 {[%emt 0:00:00]} g6 {[%emt 0:00:29]} 4. e3 {[%emt 0:06:13]} Bg7 {[%emt 0:00:07]} 5. d4 {[%emt 0:01:51]} O-O {[%emt 0:00:07]} 6. Be2 {[%emt 0:01:39]} cxd4 {[%emt 0:15:20]} 7. Nxd4 {[%emt 0:02:49]} Nc6 {[%emt 0:01:45]} 8. Nc2 {[%emt 0:03:33]} d6 {[%emt 0:02:35]} 9. O-O {[%emt 0:00:19]} Be6 {[%emt 0:03:20]} 10. Rb1 {[%emt 0:01:51]} d5 {[%emt 0:05:04]} 11. Na3 {[%emt 0:23:19]} Rc8 {[%emt 0:11:19]} 12. Bd2 {[%emt 0:04:14]} Bf5 {[%emt 0:19:10]} 13. Rc1 {[%emt 0:01:41]} d4 {[%emt 0:00:16]} 14. exd4 {[%emt 0:07:37]} Nxd4 {[%emt 0:01:08]} 15. Re1 {[%emt 0:00:17]} Rc7 {[%emt 0:05:59]} 16. Bf4 {[%emt 0:07:40]} Rd7 {[%emt 0:00:20]} 17. Qa4 {[%emt 0:02:26]} a6 {[%emt 0:01:51]} 18. Bf1 {[%emt 0:01:50]} Nh5 {[%emt 0:01:35]} 19. Be3 {[%emt 0:01:41]} e5 {[%emt 0:00:12]} 20. c5 {[%emt 0:02:47]} Nf6 {[%emt 0:05:56]} 21. h3 {[%emt 0:03:25]} Ne4 {[%emt 0:01:12]} 22. Ne2 {[%emt 0:02:39]} Rc7 {[%emt 0:08:21]} 23. Qa5 {[%emt 0:02:37]} Rxc5 {[%emt 0:02:42]} 24. Rxc5 {[%emt 0:02:58]} b6 {[%emt 0:00:04]} 25. Rd5 {[%emt 0:00:58]} bxa5 {[%emt 0:00:53]} 26. Rxd8 {[%emt 0:00:05]} Rxd8 {[%emt 0:00:01]} 27. Rc1 {[%emt 0:00:29]} Be6 {[%emt 0:02:01]} 28. f3 {[%emt 0:01:57]} Nd6 {[%emt 0:00:49]} 29. Nc3 {[%emt 0:00:21]} Rb8 {[%emt 0:02:00]} 30. b3 {[%emt 0:01:02]} N6b5 {[%emt 0:00:21]} 31. Nc4 {[%emt 0:01:53]} Nxc3 {[%emt 0:00:14]} 32. Rxc3 {[%emt 0:00:01]} e4 {[%emt 0:00:15]} 33. Rc1 {[%emt 0:01:55]} exf3 {[%emt 0:04:17]} 34. Nxa5 {[%emt 0:00:25]} fxg2 {[%emt 0:00:04]} 35. Kxg2 {[%emt 0:00:09]} h5 {[%emt 0:00:36]} 36. Bxd4 {[%emt 0:02:06]} Bxd4 {[%emt 0:00:27]} 37. Nc6 {[%emt 0:00:04]} Be3 {[%emt 0:04:45]} 38. Nxb8 {[%emt 0:00:16]} Bxc1 {[%emt 0:00:02]} 39. Nxa6 {[%emt 0:00:15]} Kf8 {[%emt 0:02:08]} 40. Nc5 {[%emt 0:00:16]} Bd5+ {[%emt 0:00:14]} 41. Kf2 {[%emt 0:30:09]} Ke7 {[%emt 0:30:57]} 42. Bc4 {[%emt 0:05:54]} Bxc4 {[%emt 0:00:00]} 43. bxc4 {[%emt 0:00:00]} Ba3 {[%emt 0:00:00]} 44. Nd3 {[%emt 0:00:00]} g5 {[%emt 0:00:00]} 45. h4 {[%emt 0:00:00]} f6 {[%emt 0:00:00]} 46. Kf3 {[%emt 0:00:00]} Ke6 {[%emt 0:00:00]} 47. hxg5 {[%emt 0:00:00]} fxg5 {[%emt 0:00:00]} 48. Nf4+ {[%emt 0:00:00]} gxf4 {[%emt 0:00:00]} 1/2-1/2

[Event "EYTCC U18 Open 2019"]
[Site "Pardubice"]
[Date "2019.07.15"]
[Round "5.1"]
[White "Gazik, Viktor"]
[Black "Gumularz, Szymon"]
[Result "1/2-1/2"]
[WhiteElo "2525"]
[BlackElo "2502"]
[Annotator "ChessBase"]
[PlyCount "49"]
[EventDate "2019.07.11"]
[EventType "swiss"]
[EventCountry "CZE"]
[SourceTitle "playchess.com"]
[Source "ChessBase"]
[SourceQuality "1"]
[WhiteTeam "Slovakia"]
[BlackTeam "Poland"]
[WhiteTeamCountry "SVK"]
[BlackTeamCountry "POL"]
[TimeControl "40/5400+30:1800+30"]

1. c4 {[%emt 0:00:00]} Nf6 {[%emt 0:00:00]} 2. Nc3 {[%emt 0:00:00]} e5 {[%emt 0:01:50]} 3. g3 {[%emt 0:00:00]} d5 {[%emt 0:03:19]} 4. cxd5 {[%emt 0:00:00]} Nxd5 {[%emt 0:00:02]} 5. Bg2 {[%emt 0:00:09]} Nb6 {[%emt 0:00:04]} 6. Nf3 {[%emt 0:01:19]} Nc6 {[%emt 0:00:04]} 7. a3 {[%emt 0:01:47]} Be7 {[%emt 0:00:35]} 8. b4 {[%emt 0:02:28]} Be6 {[%emt 0:01:37]} 9. Rb1 {[%emt 0:07:10]} f6 {[%emt 0:00:34]} 10. O-O {[%emt 0:16:48]} O-O {[%emt 0:00:08]} 11. d3 {[%emt 0:03:33]} a5 {[%emt 0:00:31]} 12. b5 {[%emt 0:05:12]} Nd4 {[%emt 0:00:05]} 13. e3 {[%emt 0:07:41]} Nxf3+ {[%emt 0:06:58]} 14. Bxf3 {[%emt 0:00:10]} Rb8 {[%emt 0:00:23]} 15. Qc2 {[%emt 0:03:45]} Qc8 {[%emt 0:28:15]} 16. Bh1 {[%emt 0:07:24]} Rd8 {[%emt 0:00:59]} 17. Rd1 {[%emt 0:01:08]} Bg4 {[%emt 0:02:37]} 18. Rd2 {[%emt 0:01:31]} Bf5 {[%emt 0:07:54]} 19. Bb2 {[%emt 0:01:59]} Qd7 {[%emt 0:00:55]} 20. Rbd1 {[%emt 0:04:16]} Bg4 {[%emt 0:05:15]} 21. Rc1 {[%emt 0:08:27]} Bf5 {[%emt 0:02:35]} 22. Rcd1 {[%emt 0:11:30]} Bg4 {[%emt 0:00:11]} 23. Rc1 {[%emt 0:00:39]} Bf5 {[%emt 0:00:06]} 24. Qd1 Kh8 25. Ne4 1/2-1/2

[Event "EYTCC U18 Open 2019"]
[Site "Pardubice"]
[Date "2019.07.15"]
[Round "5.2"]
[White "Teclaf, Pawel"]
[Black "Pechac, Jergus"]
[Result "1/2-1/2"]
[WhiteElo "2454"]
[BlackElo "2469"]
[Annotator "ChessBase"]
[PlyCount "95"]
[EventDate "2019.07.11"]
[EventType "swiss"]
[EventCountry "CZE"]
[SourceTitle "playchess.com"]
[Source "ChessBase"]
[SourceQuality "1"]
[WhiteTeam "Poland"]
[BlackTeam "Slovakia"]
[WhiteTeamCountry "POL"]
[BlackTeamCountry "SVK"]
[TimeControl "40/5400+30:1800+30"]

1. e4 {[%emt 0:00:00]} c5 {[%emt 0:00:00]} 2. Ne2 {[%emt 0:00:00]} Nf6 {[%emt 0:00:00]} 3. Nbc3 {[%emt 0:00:00]} Nc6 {[%emt 0:00:11]} 4. d4 {[%emt 0:00:00]} cxd4 {[%emt 0:00:06]} 5. Nxd4 {[%emt 0:00:00]} e5 {[%emt 0:00:28]} 6. Ndb5 {[%emt 0:00:03]} d6 {[%emt 0:00:09]} 7. Nd5 {[%emt 0:00:03]} Nxd5 {[%emt 0:00:08]} 8. exd5 {[%emt 0:00:03]} Nb8 {[%emt 0:00:44]} 9. a4 {[%emt 0:00:03]} Be7 {[%emt 0:00:09]} 10. Be2 {[%emt 0:02:44]} O-O {[%emt 0:00:13]} 11. O-O {[%emt 0:00:08]} Nd7 {[%emt 0:00:06]} 12. Bd2 {[%emt 0:02:45]} f5 {[%emt 0:01:07]} 13. a5 {[%emt 0:18:05]} a6 {[%emt 0:00:51]} 14. Na3 {[%emt 0:00:38]} Rf6 {[%emt 0:08:57]} 15. f4 {[%emt 0:07:36]} e4 {[%emt 0:16:57]} 16. Nc4 {[%emt 0:01:27]} Rh6 {[%emt 0:01:33]} 17. Be3 {[%emt 0:08:05]} Qe8 {[%emt 0:09:04]} 18. Ra3 {[%emt 0:10:24]} Rb8 {[%emt 0:06:00]} 19. Ba7 {[%emt 0:03:05]} Ra8 {[%emt 0:00:06]} 20. Bd4 {[%emt 0:02:01]} Rb8 {[%emt 0:01:57]} 21. b4 {[%emt 0:06:51]} Nf6 {[%emt 0:02:32]} 22. Nb6 {[%emt 0:01:21]} Bd7 {[%emt 0:02:11]} 23. c4 {[%emt 0:04:25]} Bd8 {[%emt 0:09:44]} 24. Rg3 {[%emt 0:04:28]} Rg6 {[%emt 0:02:29]} 25. Rxg6 {[%emt 0:04:31]} hxg6 {[%emt 0:00:06]} 26. Qb3 {[%emt 0:01:16]} Bxb6 {[%emt 0:01:03]} 27. axb6 {[%emt 0:03:08]} Rc8 {[%emt 0:01:20]} 28. h3 {[%emt 0:01:31]} Ba4 {[%emt 0:01:17]} 29. Qb1 {[%emt 0:01:42]} Qd8 {[%emt 0:01:10]} 30. Qa2 {[%emt 0:03:44]} Be8 {[%emt 0:00:21]} 31. Qa3 {[%emt 0:01:32]} Bf7 {[%emt 0:01:12]} 32. Kh2 {[%emt 0:01:39]} Kf8 {[%emt 0:00:21]} 33. Rd1 {[%emt 0:01:35]} Qe7 {[%emt 0:02:32]} 34. Be3 {[%emt 0:00:42]} Kg8 {[%emt 0:00:32]} 35. Qa5 {[%emt 0:01:57]} Kh8 {[%emt 0:02:06]} 36. Qa1 {[%emt 0:01:18]} Kg8 {[%emt 0:00:11]} 37. Qd4 {[%emt 0:00:53]} Qd7 {[%emt 0:01:38]} 38. Qa1 {[%emt 0:00:49]} Qe7 {[%emt 0:01:27]} 39. Rc1 {[%emt 0:01:21]} Kh7 {[%emt 0:03:05]} 40. Rd1 {[%emt 0:06:06]} Kg8 {[%emt 0:00:19]} 41. Qd4 {[%emt 0:31:40]} Kh7 {[%emt 0:31:50]} 42. Rd2 {[%emt 0:00:00]} Kg8 {[%emt 0:00:00]} 43. Qa1 {[%emt 0:00:00]} Qd8 {[%emt 0:00:00]} 44. g3 {[%emt 0:00:00]} Nd7 {[%emt 0:00:00]} 45. Qd4 {[%emt 0:00:00]} Nf6 {[%emt 0:00:00]} 46. Bd1 {[%emt 0:00:00]} Nd7 {[%emt 0:00:00]} 47. Bb3 {[%emt 0:00:00]} g5 {[%emt 0:00:00]} 48. Rg2 {[%emt 0:00:00]} 1/2-1/2

[Event "EYTCC U18 Open 2019"]
[Site "Pardubice"]
[Date "2019.07.15"]
[Round "5.3"]
[White "Haring, Filip"]
[Black "Kosakowski, Jakub"]
[Result "0-1"]
[WhiteElo "2334"]
[BlackElo "2394"]
[Annotator "ChessBase"]
[PlyCount "102"]
[EventDate "2019.07.11"]
[EventType "swiss"]
[EventCountry "CZE"]
[SourceTitle "playchess.com"]
[Source "ChessBase"]
[SourceQuality "1"]
[WhiteTeam "Slovakia"]
[BlackTeam "Poland"]
[WhiteTeamCountry "SVK"]
[BlackTeamCountry "POL"]
[TimeControl "40/5400+30:1800+30"]

1. e4 {[%emt 0:00:00]} e5 {[%emt 0:00:06]} 2. Nf3 {[%emt 0:02:18]} Nc6 {[%emt 0:00:18]} 3. d4 {[%emt 0:00:26]} exd4 {[%emt 0:00:09]} 4. Bc4 {[%emt 0:01:29]} Nf6 {[%emt 0:01:16]} 5. O-O {[%emt 0:01:20]} Nxe4 {[%emt 0:00:55]} 6. Re1 {[%emt 0:00:11]} d5 {[%emt 0:00:12]} 7. Bxd5 {[%emt 0:00:40]} Qxd5 {[%emt 0:00:07]} 8. Nc3 {[%emt 0:00:07]} Qh5 {[%emt 0:00:37]} 9. Nxe4 {[%emt 0:00:10]} Be6 {[%emt 0:00:09]} 10. Bg5 {[%emt 0:00:16]} Bd6 {[%emt 0:00:11]} 11. Nxd6+ {[%emt 0:04:14]} cxd6 {[%emt 0:00:07]} 12. Bf4 {[%emt 0:01:51]} Qd5 {[%emt 0:00:15]} 13. c3 {[%emt 0:11:22]} Qf5 {[%emt 0:00:18]} 14. Bg3 {[%emt 0:08:15]} dxc3 {[%emt 0:05:46]} 15. bxc3 {[%emt 0:04:41]} O-O {[%emt 0:03:11]} 16. Qxd6 {[%emt 0:01:54]} Rfd8 {[%emt 0:01:29]} 17. Qa3 {[%emt 0:00:29]} Rd3 {[%emt 0:18:58]} 18. Qb2 {[%emt 0:09:04]} b6 {[%emt 0:00:56]} 19. Rad1 {[%emt 0:10:53]} Rad8 {[%emt 0:01:42]} 20. Rxd3 {[%emt 0:00:48]} Rxd3 {[%emt 0:00:40]} 21. c4 {[%emt 0:07:55]} Qa5 {[%emt 0:05:07]} 22. Rc1 {[%emt 0:06:29]} h6 {[%emt 0:00:51]} 23. h4 {[%emt 0:03:27]} Qa3 {[%emt 0:07:17]} 24. Qxa3 {[%emt 0:03:25]} Rxa3 {[%emt 0:00:07]} 25. c5 {[%emt 0:01:24]} b5 {[%emt 0:03:59]} 26. Ne5 {[%emt 0:07:32]} Nd4 {[%emt 0:00:14]} 27. Rd1 {[%emt 0:02:01]} Ne2+ {[%emt 0:00:31]} 28. Kh2 {[%emt 0:00:06]} Nxg3 {[%emt 0:00:10]} 29. fxg3 {[%emt 0:01:19]} Rxa2 {[%emt 0:01:28]} 30. c6 {[%emt 0:02:42]} Rc2 {[%emt 0:00:21]} 31. Rd8+ {[%emt 0:00:28]} Kh7 {[%emt 0:00:06]} 32. Rb8 {[%emt 0:04:24]} Bd5 {[%emt 0:13:20]} 33. Nd7 {[%emt 0:03:12]} Kg6 {[%emt 0:00:28]} 34. h5+ {[%emt 0:00:02]} Kf5 {[%emt 0:00:51]} 35. Rxb5 {[%emt 0:00:05]} Ke6 {[%emt 0:00:10]} 36. Nc5+ {[%emt 0:00:41]} Kd6 {[%emt 0:01:07]} 37. c7 {[%emt 0:00:22]} Bxg2 {[%emt 0:00:22]} 38. c8=N+ {[%emt 0:02:22]} Kc7 {[%emt 0:00:07]} 39. Na6+ {[%emt 0:00:32]} Kxc8 {[%emt 0:00:07]} 40. Rb8+ {[%emt 0:00:20]} Kd7 {[%emt 0:00:05]} 41. Kg1 {[%emt 0:30:32]} Bd5 {[%emt 0:32:55]} 42. Rb4 {[%emt 0:00:00]} Kd6 {[%emt 0:00:00]} 43. Rg4 {[%emt 0:00:00]} Rc6 {[%emt 0:00:00]} 44. Ra4 {[%emt 0:00:00]} Rc1+ {[%emt 0:00:00]} 45. Kf2 {[%emt 0:00:00]} Rc2+ {[%emt 0:00:00]} 46. Ke3 {[%emt 0:00:00]} Ra2 {[%emt 0:00:00]} 47. Rxa2 {[%emt 0:00:00]} Bxa2 {[%emt 0:00:00]} 48. g4 {[%emt 0:00:00]} Be6 {[%emt 0:00:00]} 49. Kf4 {[%emt 0:00:00]} Bc4 {[%emt 0:00:00]} 50. Nb4 {[%emt 0:00:00]} Kc5 {[%emt 0:00:00]} 51. Nc2 {[%emt 0:00:00]} Bd3 {[%emt 0:00:00]} 0-1

[Event "EYTCC U18 Open 2019"]
[Site "Pardubice"]
[Date "2019.07.15"]
[Round "5.4"]
[White "Chylewski, Patryk"]
[Black "Sahidi, Samir"]
[Result "0-1"]
[WhiteElo "2376"]
[BlackElo "2369"]
[Annotator "ChessBase"]
[PlyCount "266"]
[EventDate "2019.07.11"]
[EventType "swiss"]
[EventCountry "CZE"]
[SourceTitle "playchess.com"]
[Source "ChessBase"]
[SourceQuality "1"]
[WhiteTeam "Poland"]
[BlackTeam "Slovakia"]
[WhiteTeamCountry "POL"]
[BlackTeamCountry "SVK"]
[TimeControl "40/5400+30:1800+30"]

1. d4 {[%emt 0:00:00]} Nf6 {[%emt 0:00:00]} 2. c4 {[%emt 0:00:00]} e5 {[%emt 0:00:11]} 3. dxe5 {[%emt 0:00:00]} Ng4 {[%emt 0:00:05]} 4. Nc3 {[%emt 0:05:44]} Bc5 {[%emt 0:01:46]} 5. e3 {[%emt 0:00:20]} Nxe5 {[%emt 0:00:12]} 6. Nh3 {[%emt 0:03:58]} O-O {[%emt 0:07:37]} 7. Nf4 {[%emt 0:00:35]} d6 {[%emt 0:01:18]} 8. Be2 {[%emt 0:00:21]} Nbc6 {[%emt 0:01:08]} 9. O-O {[%emt 0:00:45]} Bf5 {[%emt 0:04:34]} 10. b3 {[%emt 0:03:49]} Qh4 {[%emt 0:03:19]} 11. Bb2 {[%emt 0:08:42]} Ng4 {[%emt 0:02:28]} 12. Bxg4 {[%emt 0:00:31]} Qxg4 {[%emt 0:02:47]} 13. Qxg4 {[%emt 0:07:09]} Bxg4 {[%emt 0:00:07]} 14. Nfd5 {[%emt 0:00:44]} Bb6 {[%emt 0:01:34]} 15. Rac1 {[%emt 0:04:56]} Ba5 {[%emt 0:03:07]} 16. h3 {[%emt 0:06:06]} Bd7 {[%emt 0:03:05]} 17. Rfd1 {[%emt 0:06:01]} Bxc3 {[%emt 0:06:41]} 18. Bxc3 {[%emt 0:01:58]} Rac8 {[%emt 0:00:39]} 19. Rd2 {[%emt 0:00:18]} Be6 {[%emt 0:01:27]} 20. Nf4 {[%emt 0:00:17]} Rfe8 {[%emt 0:00:41]} 21. Nh5 {[%emt 0:09:48]} f6 {[%emt 0:00:35]} 22. e4 {[%emt 0:07:47]} Bf7 {[%emt 0:04:03]} 23. Ng3 {[%emt 0:02:09]} h5 {[%emt 0:03:10]} 24. f3 {[%emt 0:00:38]} Ne5 {[%emt 0:01:06]} 25. Nf5 {[%emt 0:04:41]} Nd7 {[%emt 0:02:40]} 26. Bb4 {[%emt 0:02:15]} Be6 {[%emt 0:01:16]} 27. Ng3 {[%emt 0:00:26]} g6 {[%emt 0:01:01]} 28. Ne2 {[%emt 0:02:45]} b6 {[%emt 0:01:56]} 29. Bc3 {[%emt 0:01:51]} Kf7 {[%emt 0:04:37]} 30. Nd4 {[%emt 0:00:34]} Rg8 {[%emt 0:04:20]} 31. Kf2 {[%emt 0:03:40]} g5 {[%emt 0:01:04]} 32. Rh1 {[%emt 0:01:51]} Ne5 {[%emt 0:00:55]} 33. Rdd1 {[%emt 0:05:12]} Bd7 {[%emt 0:05:00]} 34. Nc2 {[%emt 0:01:29]} Ng6 {[%emt 0:02:06]} 35. Ne3 {[%emt 0:00:33]} Be6 {[%emt 0:00:56]} 36. Rd2 {[%emt 0:03:51]} a6 {[%emt 0:08:11]} 37. Bb2 {[%emt 0:01:26]} b5 {[%emt 0:02:25]} 38. Rc1 {[%emt 0:01:24]} Nf4 {[%emt 0:01:06]} 39. Nd5 {[%emt 0:02:34]} bxc4 {[%emt 0:03:36]} 40. bxc4 {[%emt 0:02:05]} Bxd5 {[%emt 0:05:40]} 41. cxd5 {[%emt 0:30:20]} Ke7 {[%emt 0:30:53]} 42. Rc6 {[%emt 0:00:00]} Kd7 {[%emt 0:00:00]} 43. Rxa6 {[%emt 0:00:00]} g4 {[%emt 0:00:00]} 44. hxg4 {[%emt 0:00:00]} hxg4 {[%emt 0:00:00]} 45. Ke3 {[%emt 0:00:00]} gxf3 {[%emt 0:00:00]} 46. Kxf3 {[%emt 0:00:00]} Ng6 {[%emt 0:00:00]} 47. g3 {[%emt 0:00:00]} Rgf8 {[%emt 0:00:00]} 48. Rh2 {[%emt 0:00:00]} Rf7 {[%emt 0:00:00]} 49. Ke3 {[%emt 0:00:00]} f5 {[%emt 0:00:00]} 50. e5 {[%emt 0:03:27]} Nxe5 {[%emt 0:00:00]} 51. Bxe5 {[%emt 0:00:04]} Re8 {[%emt 0:00:00]} 52. Kf3 {[%emt 0:01:52]} Rxe5 {[%emt 0:00:00]} 53. Rd2 {[%emt 0:00:22]} Rfe7 {[%emt 0:00:00]} 54. Ra7 {[%emt 0:00:24]} Re3+ {[%emt 0:00:00]} 55. Kf4 {[%emt 0:00:41]} R7e4+ {[%emt 0:00:00]} 56. Kxf5 {[%emt 0:00:09]} Rc4 {[%emt 0:00:00]} 57. Ra5 {[%emt 0:01:25]} Rf3+ {[%emt 0:00:00]} 58. Kg5 {[%emt 0:00:03]} Rxg3+ {[%emt 0:00:00]} 59. Kf5 {[%emt 0:00:47]} Rf3+ {[%emt 0:00:00]} 60. Kg5 {[%emt 0:00:07]} Rc1 {[%emt 0:00:00]} 61. Kg4 {[%emt 0:00:13]} Rf7 {[%emt 0:00:00]} 62. Kh3 {[%emt 0:01:10]} Rh1+ {[%emt 0:00:00]} 63. Kg2 {[%emt 0:00:07]} Rh5 {[%emt 0:00:00]} 64. Rf2 {[%emt 0:00:20]} Rfh7 {[%emt 0:00:00]} 65. Kf1 {[%emt 0:00:18]} Re5 {[%emt 0:00:00]} 66. Kg2 {[%emt 0:01:17]} Ke7 {[%emt 0:00:39]} 67. Ra7 {[%emt 0:00:34]} Rg5+ {[%emt 0:00:33]} 68. Kf1 {[%emt 0:00:27]} Rh1+ {[%emt 0:00:12]} 69. Ke2 {[%emt 0:00:02]} Re5+ {[%emt 0:01:34]} 70. Kf3 {[%emt 0:00:03]} Rh3+ {[%emt 0:03:16]} 71. Kg4 {[%emt 0:00:38]} Rc3 {[%emt 0:00:06]} 72. Rh2 {[%emt 0:00:43]} Kf6 {[%emt 0:02:20]} 73. Rf2+ {[%emt 0:01:11]} Kg6 {[%emt 0:00:13]} 74. Ra8 {[%emt 0:00:29]} Rc4+ {[%emt 0:03:08]} 75. Kh3 {[%emt 0:00:31]} Rxd5 {[%emt 0:00:41]} 76. Rg8+ {[%emt 0:00:05]} Kh7 {[%emt 0:00:34]} 77. Rg3 {[%emt 0:00:33]} Rcc5 {[%emt 0:04:34]} 78. Rf7+ {[%emt 0:00:43]} Kh6 {[%emt 0:00:07]} 79. Rf6+ {[%emt 0:00:34]} Kh5 {[%emt 0:00:14]} 80. Rf7 {[%emt 0:00:34]} Rg5 {[%emt 0:00:25]} 81. Re3 {[%emt 0:00:30]} Rg6 {[%emt 0:04:31]} 82. a4 {[%emt 0:00:32]} Kh6 {[%emt 0:02:40]} 83. Kh2 {[%emt 0:00:28]} Rg4 {[%emt 0:00:52]} 84. a5 {[%emt 0:00:27]} Kg6 {[%emt 0:00:30]} 85. Rd7 {[%emt 0:00:28]} Ra4 {[%emt 0:00:55]} 86. Ree7 {[%emt 0:00:30]} Rc2+ {[%emt 0:01:27]} 87. Kg3 {[%emt 0:00:06]} Rc3+ {[%emt 0:00:13]} 88. Kf2 {[%emt 0:00:05]} Rc2+ {[%emt 0:01:37]} 89. Ke3 {[%emt 0:00:44]} Rc3+ {[%emt 0:00:49]} 90. Kd2 {[%emt 0:00:15]} Rh3 {[%emt 0:00:13]} 91. Kc2 {[%emt 0:00:52]} Ra2+ {[%emt 0:02:16]} 92. Kb1 {[%emt 0:00:03]} Rxa5 {[%emt 0:00:24]} 93. Rxc7 {[%emt 0:00:07]} Kf5 {[%emt 0:00:53]} 94. Rc2 {[%emt 0:00:46]} Rb3+ {[%emt 0:00:32]} 95. Kc1 {[%emt 0:00:35]} Ra1+ {[%emt 0:00:18]} 96. Kd2 {[%emt 0:00:01]} Rh1 {[%emt 0:00:27]} 97. Re2 {[%emt 0:00:26]} d5 {[%emt 0:00:38]} 98. Rc3 {[%emt 0:00:31]} Rb2+ {[%emt 0:00:15]} 99. Rc2 {[%emt 0:00:08]} Rb4 {[%emt 0:00:28]} 100. Rc3 {[%emt 0:00:32]} Ra1 {[%emt 0:00:51]} 101. Rf3+ {[%emt 0:00:52]} Kg4 {[%emt 0:00:05]} 102. Rff2 {[%emt 0:01:49]} Ra2+ {[%emt 0:00:57]} 103. Kc3 {[%emt 0:00:37]} Rc4+ {[%emt 0:00:06]} 104. Kd3 {[%emt 0:00:21]} Ra3+ {[%emt 0:00:11]} 105. Kd2 {[%emt 0:00:03]} Rd4+ {[%emt 0:00:24]} 106. Kc2 {[%emt 0:00:04]} Re4 {[%emt 0:00:10]} 107. Rd2 {[%emt 0:01:22]} d4 {[%emt 0:00:24]} 108. Kb2 {[%emt 0:00:37]} Rh3 {[%emt 0:01:52]} 109. Kc2 {[%emt 0:00:10]} Rc3+ {[%emt 0:00:04]} 110. Kb2 {[%emt 0:00:03]} Rc6 {[%emt 0:00:20]} 111. Rd3 {[%emt 0:01:06]} Rc8 {[%emt 0:01:09]} 112. Rfd2 {[%emt 0:00:25]} Rd8 {[%emt 0:00:09]} 113. Rf2 {[%emt 0:00:27]} Re7 {[%emt 0:00:27]} 114. Kc2 {[%emt 0:00:44]} Rc7+ {[%emt 0:00:12]} 115. Kd1 {[%emt 0:00:31]} Ra7 {[%emt 0:00:29]} 116. Rfd2 {[%emt 0:00:39]} Ra4 {[%emt 0:00:17]} 117. Ke2 {[%emt 0:00:34]} Kf5 {[%emt 0:00:50]} 118. Rh3 {[%emt 0:00:25]} Ke4 {[%emt 0:00:24]} 119. Rh4+ {[%emt 0:00:12]} Kd5 {[%emt 0:00:05]} 120. Rh5+ {[%emt 0:00:07]} Kc4 {[%emt 0:00:11]} 121. Rc2+ {[%emt 0:00:15]} Kb4 {[%emt 0:00:17]} 122. Kd2 {[%emt 0:00:35]} Rf8 {[%emt 0:01:15]} 123. Kd3 {[%emt 0:00:31]} Rf3+ {[%emt 0:00:23]} 124. Ke4 {[%emt 0:01:08]} Kb3 {[%emt 0:00:28]} 125. Rc1 {[%emt 0:00:47]} Re3+ {[%emt 0:00:08]} 126. Kf4 {[%emt 0:00:02]} Rc3 {[%emt 0:00:13]} 127. Rd1 {[%emt 0:00:52]} Kc2 {[%emt 0:00:26]} 128. Rhh1 {[%emt 0:00:27]} d3+ {[%emt 0:00:16]} 129. Ke3 {[%emt 0:00:19]} d2+ {[%emt 0:00:05]} 130. Ke2 {[%emt 0:00:03]} Re4+ {[%emt 0:00:01]} 131. Kf2 {[%emt 0:00:05]} Rd3 {[%emt 0:00:42]} 132. Rhg1 {[%emt 0:00:30]} Re7 {[%emt 0:00:22]} 133. Rh1 {[%emt 0:00:21]} Rd8 {[%emt 0:00:21]} 0-1

[Event "EYTCC U18 Open 2019"]
[Site "Pardubice"]
[Date "2019.07.15"]
[Round "5.5"]
[White "Subelj, Jan"]
[Black "Parkhov, Yair"]
[Result "0-1"]
[WhiteElo "2425"]
[BlackElo "2354"]
[Annotator "ChessBase"]
[PlyCount "111"]
[EventDate "2019.07.11"]
[EventType "swiss"]
[EventCountry "CZE"]
[SourceTitle "playchess.com"]
[Source "ChessBase"]
[SourceQuality "1"]
[WhiteTeam "Slovenia"]
[BlackTeam "Israel"]
[WhiteTeamCountry "SLO"]
[BlackTeamCountry "ISR"]
[TimeControl "40/5400+30:1800+30"]

1. e4 {[%emt 0:00:00]} c5 {[%emt 0:00:00]} 2. Nf3 {[%emt 0:00:00]} d6 {[%emt 0:00:00]} 3. Bb5+ {[%emt 0:00:06]} Nd7 {[%emt 0:00:01]} 4. c3 {[%emt 0:00:35]} Ngf6 {[%emt 0:00:25]} 5. Qe2 {[%emt 0:00:41]} a6 {[%emt 0:02:36]} 6. Ba4 {[%emt 0:00:05]} b5 {[%emt 0:01:08]} 7. Bc2 {[%emt 0:00:06]} e6 {[%emt 0:01:26]} 8. d4 {[%emt 0:02:18]} Be7 {[%emt 0:01:01]} 9. O-O {[%emt 0:00:25]} Bb7 {[%emt 0:00:21]} 10. a4 {[%emt 0:08:32]} O-O {[%emt 0:01:45]} 11. Re1 {[%emt 0:01:11]} Qc7 {[%emt 0:04:26]} 12. axb5 {[%emt 0:05:45]} axb5 {[%emt 0:00:06]} 13. Rxa8 {[%emt 0:00:42]} Rxa8 {[%emt 0:00:37]} 14. e5 {[%emt 0:00:38]} dxe5 {[%emt 0:09:31]} 15. dxe5 {[%emt 0:00:12]} Nd5 {[%emt 0:00:10]} 16. Na3 {[%emt 0:12:53]} b4 {[%emt 0:09:25]} 17. Nb5 {[%emt 0:00:40]} Qb8 {[%emt 0:20:20]} 18. c4 {[%emt 0:06:19]} N5b6 {[%emt 0:00:16]} 19. Ng5 {[%emt 0:20:46]} Bxg5 {[%emt 0:21:38]} 20. Bxg5 {[%emt 0:00:08]} Qxe5 {[%emt 0:01:58]} 21. Qxe5 {[%emt 0:00:06]} Nxe5 {[%emt 0:00:10]} 22. b3 {[%emt 0:00:01]} Ned7 {[%emt 0:05:58]} 23. Nd6 {[%emt 0:04:27]} Bc6 {[%emt 0:00:29]} 24. Be3 {[%emt 0:00:40]} h6 {[%emt 0:02:17]} 25. f4 {[%emt 0:02:45]} f5 {[%emt 0:02:30]} 26. Bf2 {[%emt 0:00:30]} Ra2 {[%emt 0:00:30]} 27. Bd3 {[%emt 0:01:10]} Rd2 {[%emt 0:00:58]} 28. Re3 {[%emt 0:00:05]} Nf8 {[%emt 0:05:36]} 29. h3 {[%emt 0:04:13]} g6 {[%emt 0:00:41]} 30. g4 {[%emt 0:00:23]} e5 {[%emt 0:03:43]} 31. gxf5 {[%emt 0:04:46]} exf4 {[%emt 0:00:06]} 32. Re7 {[%emt 0:00:19]} Rxd3 {[%emt 0:00:18]} 33. Bxc5 {[%emt 0:00:12]} Nbd7 {[%emt 0:00:53]} 34. f6 {[%emt 0:00:40]} Nxf6 {[%emt 0:00:26]} 35. Nf7 {[%emt 0:00:04]} Rd7 {[%emt 0:02:28]} 36. Nxh6+ {[%emt 0:00:21]} Kh8 {[%emt 0:00:02]} 37. Nf7+ {[%emt 0:01:32]} Kg7 {[%emt 0:00:21]} 38. Ne5+ {[%emt 0:00:03]} Rxe7 {[%emt 0:00:07]} 39. Bxe7 {[%emt 0:00:04]} Be4 {[%emt 0:00:35]} 40. Bxb4 {[%emt 0:00:04]} N8d7 {[%emt 0:00:34]} 41. Bc3 {[%emt 0:30:44]} Nxe5 {[%emt 0:32:10]} 42. Bxe5 {[%emt 0:00:06]} f3 {[%emt 0:00:08]} 43. b4 {[%emt 0:00:03]} Kf7 {[%emt 0:02:03]} 44. Kf2 {[%emt 0:00:17]} Ke6 {[%emt 0:00:24]} 45. Bh2 {[%emt 0:00:10]} Nd7 {[%emt 0:00:00]} 46. Ke3 {[%emt 0:00:00]} Ne5 {[%emt 0:00:00]} 47. Bg3 {[%emt 0:00:00]} Kf5 {[%emt 0:00:00]} 48. Kd4 {[%emt 0:00:00]} Nd3 {[%emt 0:00:00]} 49. b5 {[%emt 0:00:00]} f2 {[%emt 0:00:00]} 50. Bxf2 {[%emt 0:00:00]} Nxf2 {[%emt 0:00:00]} 51. c5 {[%emt 0:00:00]} Nxh3 {[%emt 0:00:00]} 52. c6 {[%emt 0:00:00]} Nf4 {[%emt 0:00:00]} 53. Kc5 {[%emt 0:00:00]} Nd5 {[%emt 0:00:00]} 54. b6 {[%emt 0:00:00]} Nxb6 {[%emt 0:00:00]} 55. Kxb6 {[%emt 0:00:00]} Bxc6 {[%emt 0:00:00]} 56. Kxc6 {[%emt 0:00:00]} 0-1